Manual teórico-práctico de medicina forense (Registro nro. 119503)

Detalles MARC
000 -LEADER
campo de control de longitud fija 00913nam a2200241 i 4500
001 - NÚMERO DE CONTROL
campo de control 119503
003 - IDENTIFICADOR DE NÚMERO DE CONTROL
campo de control ES-MaACL
005 - FECHA Y HORA DE LA ÚLTIMA TRANSACCIÓN
campo de control 20250811100458.0
007 - CAMPO FIJO DE DESCRIPCIÓN FÍSICA--INFORMACIÓN GENERAL
campo de control de longitud fija t|
008 - DATOS DE LONGITUD FIJA--INFORMACIÓN GENERAL
campo de control de longitud fija 070214s1935 sp |||| | spa d
100 1# - ENTRADA PRINCIPAL--NOMBRE DE PERSONA
Nombre de persona Piga y Pascual, Antonio.
9 (RLIN) 91988
245 10 - MENCIÓN DEL TÍTULO
Título Manual teórico-práctico de medicina forense
Resto del título : contesta al programa de médicos forenses /
Mención de responsabilidad, etc. redactado por Antonio Piga y Pascual, José Aguila Collantes, Blas Aznar.
260 ## - PUBLICACIÓN, DISTRIBUCIÓN, ETC.
Lugar de publicación, distribución, etc. Madrid :
Nombre del editor, distribuidor, etc. Reus,
Fecha de publicación, distribución, etc. 1935.
300 ## - DESCRIPCIÓN FÍSICA
Extensión 4 t. en 5 v. ;
Dimensiones 23 cm.
505 8# - NOTA DE CONTENIDO CON FORMATO
Nota de contenido con formato Contiene: I ;
Título Medicina legal - II ;
-- Psiquiatría - III ;
-- Toxicología - IV ;
-- Apéndice
650 07 - PUNTO DE ACCESO ADICIONAL DE MATERIA--TÉRMINO DE MATERIA
Término de materia o nombre geográfico como elemento de entrada Medicina legal
Fuente del encabezamiento o término embne
9 (RLIN) 14928
650 07 - PUNTO DE ACCESO ADICIONAL DE MATERIA--TÉRMINO DE MATERIA
Término de materia o nombre geográfico como elemento de entrada Psiquiatría legal
Fuente del encabezamiento o término embne
9 (RLIN) 16596
650 #4 - PUNTO DE ACCESO ADICIONAL DE MATERIA--TÉRMINO DE MATERIA
Término de materia o nombre geográfico como elemento de entrada Toxicología.
9 (RLIN) 136941
700 1# - ENTRADA AGREGADA--NOMBRE PERSONAL
Nombre de persona Aguila Collantes, José.
9 (RLIN) 18675
700 1# - ENTRADA AGREGADA--NOMBRE PERSONAL
Nombre de persona Aznar, Blas.
9 (RLIN) 24298
852 ## - LOCALIZACIÓN
Ubicación ES-MaACL
Número de control de estantería E-1767-71
Existencias
Estatus retirado Estado de pérdida Estado de daño No para préstamo Biblioteca de origen Biblioteca actual Ubicación en estantería Fecha de adquisición Fuente de adquisición Total de préstamos Signatura topográfica completa Código de barras Visto por última vez Precio de reemplazo Tipo de ítem Koha
        Biblioteca del Ateneo de Madrid Biblioteca del Ateneo de Madrid Depósito 2 17/01/2008     E-1767-71 1124567 23/02/2023 23/02/2023 Libro impreso